| 000 | 01076nac a22002897a 4500 | ||
|---|---|---|---|
| 001 | BR8007325 | ||
| 003 | BR-BrBNA | ||
| 005 | 20240105114840.0 | ||
| 008 | 230509b bl.|||m| |||| 00| 0 por d | ||
| 040 |
_aBR-BrBNA _bpor _cBiblioteca Nacional de Agricultura |
||
| 072 | _aL60; L40 | ||
| 090 | _a8527 BR8007325 | ||
| 100 | 1 | _aCunha, O.R. da | |
| 100 | 1 | _aNascimento, F.P. do | |
| 110 | 1 | _aMuseu Paraense Emilio Goeldi, Belem, PA (Brasil) | |
| 245 | 1 | _aOfidios da Amazonia. 11. Ofidios de Roraima e notas sobre Erythrolamprus bauperthuisii deimeril, Bileron e Dumeril, 1854, sinonimo de Erythrolamprus aesculapii aesculapii (Linnaeus, 1758)[cobra, Brasil] | |
| 260 | 3 |
_aBelem, PA (Brasil): _c1980. |
|
| 300 | _a24 p. | ||
| 490 |
_aBoletim do Museu Paraense Emilio Goeldi. Nova Serie. Zoologia (Brazil) _vno. 102 _xISSN 0077-2232 |
||
| 500 | _a31 ref.; Summaries (En, Pt) | ||
| 650 | _aCOBRA | ||
| 650 | _aDISTRIBUICAO GEOGRAFICA | ||
| 650 | _aESTRUTURA ANIMAL | ||
| 650 | _aRORAIMA | ||
| 909 |
_a202312 _bLúcia Elande _c55 _dLúcia Elande |
||
| 942 |
_2AGRIS _n0 _cMS |
||
| 999 |
_c271655 _d271655 |
||